Nas selvas do Brasil : (Record no. 1301)

MARC details
000 -LÍDER
Campo Fixo de Controle 01208nam a2200313 a 4500
001 - NÚMERO DE CONTROLE
Campo de Controle 1301
003 - IDENTIFICAÇÃO DO NÚMERO DE CONTROLE
Campo de Controle BR-CuiBMT
005 - DATA E HORA DA ÚLTIMA ATUALIZAÇÃO
Campo de Controle 20231208001434.0
008 - DADOS FIXOS
Dados Fixos 231204s2010 dfba 001 0 por d
020 ## - INTERNATIONAL STANDARD BOOK NUMBER
Nº do ISBN 9788570183095
040 ## - AGÊNCIA CATALOGADORA
Código da Agência Catalogadora BR-CuiBMT
Agência que transcreveu o registro BR-CuiBMT
080 ## - Nº DA CLASSIFICAÇÃO DECIMAL UNIVERSAL
Nº Class. CDU 910.2
Subd. Auxiliar Comum (81)
Nº edição CDU 2007
090 ## - NÚMERO DE CHAMADA
Nº classificação 910.2(81)
Cutter R781n
100 1# - ENTRADA PRINCIPAL -- AUTOR PESSOAL
Nome pessoal Roosevelt, Theodore,
Datas associadas ao nome 1858-1919
240 10 - TÍTULO UNIFORME/ORIGINAL
Título original Through the brazilian wilderness
Idioma da publicação Português
245 10 - TÍTULO PRINCIPAL
Título principal Nas selvas do Brasil :
Subtítulo viagem ao Brasil selvagem /
Indicação de responsabilidade Theodore Roosevelt ; tradução, Luís Guimarães Júnior ; ilustrado com fotografias tiradas por Kermit Roosevelt e outros membros da expedição.
260 ## - PUBLICAÇÃO, DISTRIBUIÇÃO, ETC.
Local de publicação Brasília :
Editora Senado Federal,
Data 2010.
300 ## - DESCRIÇÃO FÍSICA
N. páginas ou volumes 363 p. :
Ilustrações il. ;
Dimensões 23 cm
490 1# - INDICAÇÃO DE SÉRIE
Título da série Edições do Senado Federal ;
Volume/designação sequencial da série v. 141
500 ## - NOTAS GERAIS
Notas gerais Tradução de: Through the brazilian wilderness.
504 ## - NOTA DE BIBLIOGRAFIA, ETC.
Nota de bibliografia Inclui índice.
611 24 - ASSUNTO -- EVENTOS
Fonte do cabeçalho ou termo Expedição Científica Roosevelt - Rondon
650 ## - ASSUNTO TÓPICO
Cabeçalho tópico ou nome geográfico Zoologia
Subdivisão geográfica Brasil
650 ## - ASSUNTO TÓPICO
Cabeçalho tópico ou nome geográfico Expedição exploradora
Subdivisão geográfica Brasil
651 ## - ASSUNTO -- NOME GEOGRÁFICO
Nome geográfico Roosevelt, Rio
Subdivisão geral Descrições e viagens
710 1# - ENTRADA SECUNDÁRIA -- ENTIDADE
Nome da entidade ou lugar Brasil.
Unidade subordinada Congresso Nacional.
-- Senado Federal.
830 #0 - ENTRADA SECUNDÁRIA DE SÉRIE -- TÍTULO UNIFORME
Título uniforme Edições do Senado Federal ;
Nº do volume/designação sequencial da série 141
942 ## - ELEMENTOS DE ENTRADA ADICIONAIS (KOHA)
Fonte de classificação ou esquema de arquivamento Classificação Decimal Universal
Tipo de item do Koha Livros
Holdings
Estado: removido Estado: perdido Fonte de classificação ou esquema de arquivamento Estado: danificado Indisponível para empréstimo Localização permanente Localização atual Data de aquisição Total Checkouts Número de Chamada completo Código de barras Date last seen Número do exemplar Preço efetivo a partir de Tipo de item (Koha)
    Classificação Decimal Universal     Biblioteca da Escola Superior de Contas do TCE/MT Biblioteca da Escola Superior de Contas do TCE/MT 04/12/2023   910.2(81) R781n BIBTCEMT23120128 04/12/2023 Ex. 1 04/12/2023 Livros

Powered by Koha